Exportaciones y diversificación productiva
Gespeichert in:
| Format: | Text |
|---|---|
| Sprache: | Spanish |
| Schlagworte: | |
| Tags: |
Tag hinzufügen
Keine Tags, Fügen Sie den ersten Tag hinzu!
|
MARC
| LEADER | 00000 a a2200000 04500 | ||
|---|---|---|---|
| 001 | 6711 | ||
| 003 | cru IIS | ||
| 005 | 20220126110312.0 | ||
| 008 | 220126b |||||||| |||| 00| 0 spa d | ||
| 040 | |c cru IIS | ||
| 245 | |a Exportaciones y diversificación productiva | ||
| 500 | |a Colección Centroamérica | ||
| 650 | |a GOBIERNO | ||
| 650 | |a POLITICA ECONOMICA | ||
| 650 | |a EXPORTACIONES | ||
| 650 | |a EL SALVADOR | ||
| 773 | |g volumen 25, número 1135; páginas 6-7 | ||
| 773 | 0 | |0 42115 |9 6518 |a Universidad Centroamericana José Simeón Cañas (UCA) |d San Salvador, El Salvador: Universidad Centroamericana José Simeón Cañas. Centro Universitario de Documentación e Información |o 00695 |t El Salvador Proceso: |x 02599864 | |
| 942 | |2 ddc |c PP | ||
| 999 | |c 29534 |d 29534 | ||
